LEADER 02314nam 2200565 a 450 001 9911004804703321 005 20200520144314.0 010 $a1-61344-375-7 010 $a1-84569-947-5 035 $a(CKB)2510000000010386 035 $a(EBL)1584731 035 $a(OCoLC)867318437 035 $a(SSID)ssj0000630774 035 $a(PQKBManifestationID)11378525 035 $a(PQKBTitleCode)TC0000630774 035 $a(PQKBWorkID)10747902 035 $a(PQKB)10098563 035 $a(MiAaPQ)EBC1584731 035 $a(WaSeSS)Ind00030807 035 $a(EXLCZ)992510000000010386 100 $a20130212d2010 uy 0 101 0 $aeng 135 $aur|n|---||||| 181 $ctxt 182 $cc 183 $acr 200 00$aTechnical textile yarns $eindustrial and medical applications /$fedited by R. Alagirusamy and A. Das 210 $aOxford $cCRC Press$d2010 215 $a1 online resource (635 p.) 225 1 $aWoodhead publishing series in textiles ;$vno. 101 300 $aDescription based upon print version of record. 311 $a1-84569-549-6 320 $aIncludes bibliographical references and index. 327 $apt. I. Advances in textile yarn production -- pt. II. Types of technical yarns. 330 $aTechnical yarns are produced for the manufacture of technical textiles. As the range of technical textiles is rapidly increasing, an understanding of the range of yarns available and their properties is important, in order to be able to meet the requirements of the intended end-use.Part one of the book begins by reviewing the advances in yarn production. Topics examine the advances in textile yarn spinning, modification of textile yarn structures, yarn hairiness and its reduction and coatings for technical textile yarns. The second group of chapters describes the range of technical yar 410 0$aWoodhead publishing in textiles ;$vno. 101. 606 $aTextile fibers 606 $aSpinning 615 0$aTextile fibers. 615 0$aSpinning. 676 $a677.02862 701 $aAlagirusamy$b R$01824727 701 $aDas$b A$g(Apurba)$01888991 801 0$bMiAaPQ 801 1$bMiAaPQ 801 2$bMiAaPQ 906 $aBOOK 912 $a9911004804703321 996 $aTechnical textile yarns$94554391 997 $aUNINA